All Cities in India 1M+ - Statistics

General Stats
  • This quiz has been taken 26 times
  • The average score is 27 of 60
Answer Stats
Population City % Correct
35,700,000 Delhi
100%
27,600,000 Mumbai
100%
14,700,700 Bengaluru
95%
9,900,000 Ahmedabad
89%
12,900,000 Chennai
89%
11,700,000 Hyderabad
89%
17,900,000 Kolkata
89%
4,525,000 Jaipur
84%
8,000,000 Pune
84%
8,050,000 Surat
84%
4,225,000 Lucknow
74%
2,625,000 Agra
68%
3,575,000 Nagpur
68%
3,750,000 Indore
53%
3,700,000 Kanpur
53%
2,950,000 Patna
53%
2,475,000 Visakhapatnam
53%
2,750,000 Bhopal
47%
2,750,000 Chandigarh
47%
1,660,000 Kochi
47%
2,125,000 Varanasi
47%
3,375,000 Bhilai
42%
3,075,000 Coimbatore
42%
1,060,000 Kozhikode
42%
2,150,000 Ludhiana
42%
2,350,000 Vijayawada
42%
1,450,000 Aligarh
37%
1,520,000 Amritsar
37%
1,750,000 Asansol
37%
2,075,000 Aurangabad
37%
1,510,000 Bareilly
37%
1,480,000 Dhanbad
37%
1,620,000 Kota
37%
1,970,000 Madurai
37%
1,930,000 Meerut
37%
1,370,000 Mysore
37%
1,010,000 Puducherry
37%
1,230,000 Salem
37%
1,240,000 Guwahati
32%
1,700,000 Jodhpur
32%
2,425,000 Nashik
32%
1,810,000 Srinagar
32%
1,320,000 Tiruchirappalli
32%
2,450,000 Vadodara
32%
2,125,000 Bhubaneswar
26%
1,580,000 Gwalior
26%
1,610,000 Jabalpur
26%
1,240,000 Jalandhar
26%
1,480,000 Moradabad
26%
1,580,000 Prayagraj
26%
2,225,000 Rajkot
26%
1,630,000 Ranchi
26%
1,160,000 Solapur
26%
1,830,000 Jamshedpur
21%
1,170,000 Saharanpur
21%
1,070,000 Dehra Dun
16%
1,100,000 Warangal
16%
1,650,000 Tiruppur
11%
1,250,000 Hubli-Dharwar
0%
1,220,000 Shiliguri
0%
No matching quizzes found
Score Distribution
Percent of People with Each Score
Percentile by Number Answered
Your Score History
You have not taken this quiz